Thế giới - những điều em muốn biết : Thực vật và thiên văn học

Spremljeno u:
Bibliografski detalji
Format: Knjiga
Jezik:Undetermined
Izdano: Hà Nội Văn hóa-Thông tin 2007
Teme:
Oznake: Dodaj oznaku
Bez oznaka, Budi prvi tko označuje ovaj zapis!
Thư viện lưu trữ: Trung tâm Học liệu Trường Đại học Cần Thơ
LEADER 00602nam a2200193Ia 4500
001 CTU_129492
008 210402s9999 xx 000 0 und d
020 |c 35000 
082 |a 520 
082 |b Th250 
245 0 |a Thế giới - những điều em muốn biết : 
245 0 |b Thực vật và thiên văn học 
245 0 |c Hồng Minh (biên soạn và tuyển chọn) 
260 |a Hà Nội 
260 |b Văn hóa-Thông tin 
260 |c 2007 
650 |a Astronomy,Botany 
904 |i Tuyến 
980 |a Trung tâm Học liệu Trường Đại học Cần Thơ